000 01581nam a22001817a 4500
005 20250526144608.0
008 250523b2025 |||ac|ofd|||fa|0| 0 spa d
040 _aCGIP0042
_cCGIP0042
_eRDA
110 _aInstituto Dominicano de Evaluación e Investigación de la Calidad Educativa (IDEICE)
245 _aFolleto Informativo
_bBase de datos de Investigaciones y Evaluaciones Educativas de la República Dominicana (Inered)
260 _aSanto Domingo
_bIDEICE
_c2025
300 _a2p
310 _a2025
520 _a¿Qué es INERED? Base de Datos de Investigaciones y Evaluaciones Educativas de la República Dominicana INERED es la primera base de datos pública de postgrado sobre investigaciones y evaluaciones educativas de la República Dominicana, consultable libremente desde Internet, desarrollada por el Instituto Dominicano de Evaluación e Investigación de la Calidad Educativa-va (Ideice). INERED es un aporte que hace el Ideice a la comunidad científica nacional e internacional, al poner a disposición de esta y de la ciudadanía en general una recopilación de estudios desarrollados por instituciones de educación superior del país, en colaboración con entidades extranjeras, así como por organismos experto-tos de reconocida trayectoria. Esta iniciativa reúne investigaciones y evaluaciones producir-das en el ámbito educativo desde la década de los ochenta hasta la actualidad.
710 _aInstituto Dominicano de Evaluación e Investigación de la Calidad Educativa (IDEICE)
856 _uhttps://inered.gob.do/
942 _2ddc
_cFOL
_n0
999 _c13449
_d13449